| 000 | 01035nam a22003015a 4500 | ||
|---|---|---|---|
| 003 | EG-ScBUE | ||
| 005 | 20220426093645.0 | ||
| 008 | 160803r19971981enka f b 001 0 eng d | ||
| 020 | _a9780521283762 | ||
| 020 | _a0521283760 | ||
| 040 |
_aEG-ScBUE _beng _erda _dEG-ScBUE _cEG-ScBUE |
||
| 082 | 0 | 4 |
_a412 _bPAL _222 |
| 100 | 1 |
_aPalmer, F. R. _q(Frank Robert) _eauthor. _939434 |
|
| 245 | 1 | 0 |
_aSemnatics / _cF. R. Palmer, emeritus professor of linguistic science, University of Reading. |
| 250 |
_aSecond edition, _bReprint edition. |
||
| 264 | 1 |
_aCambridge : _bCambridge University Press, _c1997. |
|
| 300 |
_avi, 221 pages : _billustrations ; _c24 cm |
||
| 336 |
_2rdacontent _atext _btxt |
||
| 337 |
_2rdamedia _aunmediated _bn |
||
| 338 |
_2rdacarrier _avolume _bnc |
||
| 504 | _aIncludes bibliographical references and index. | ||
| 650 | 7 |
_aSemantics. _2BUEsh _937315 |
|
| 651 | _2BUEsh | ||
| 653 |
_cAugust 2016 _bHHUUEENN |
||
| 653 |
_bHHUUEENN _cOctober2016 |
||
| 655 |
_vText book _933728 |
||
| 942 |
_2ddc _e22 _k412 PAL _cTXT |
||
| 999 |
_c22107 _d22079 |
||